000 00316nam a22001217a 4500
008 230621b xxu||||| |||| 00| 0 eng d
082 _a328.06
_bIPU
100 _cIPU
245 _a108th IPU Conference and Related Meetings
_bResults of the Proceedings Chile
260 _bIPU
_c2009
300 _a52p
942 _2ddc
_cBK
999 _c2060
_d2060